000 00594cam a2200181 4500500
005 20260329010022.0
041 _afre
042 _adc
100 1 0 _aOrtoli, Sven
_eauthor
245 0 0 _aÉdito : faut-il sortir de la caverne ?
260 _c2020.
500 _a51
690 _aAllégorie de la caverne
690 _aCaverne
690 _aPlaton
786 0 _nPhilosophie magazine - Hors séries | Hors-série - Été 2020 | HS45 | 2020-05-01 | p. 1-1 | 2104-9246
856 4 1 _uhttps://shs.cairn.info/magazine-philosophie-magazine-2020-hs45-page-1?lang=fr&redirect-ssocas=7080
999 _c1848768
_d1848768